| Tag |
First Indicator |
Second Indicator |
Subfields |
| LEADER |
00000cam a2200000 4500 |
| 001 |
in00000036198 |
| 005 |
20180526063029.0 |
| 008 |
720920s1961 nyu 00010 eng |
| 010 |
|
|
|a 61019196
|
| 035 |
|
|
|a (OCoLC)00410669
|
| 035 |
|
|
|9 AAB8140AM
|
| 040 |
|
|
|a DLC
|c WSU
|d m.c.
|d SER
|d TXA
|d UtOrBLW
|
| 049 |
|
|
|a TXAM
|c [338983]
|
| 050 |
1 |
0 |
|a DS122
|b .B3
|
| 082 |
0 |
|
|a 933
|
| 082 |
0 |
4 |
|a 225.2
|b B274n
|
| 100 |
1 |
|
|a Barrett, C. K.
|q (Charles Kingsley),
|d 1917-2011.
|
| 245 |
1 |
4 |
|a The New Testament background :
|b selected documents edited, with introductions /
|c by C.K. Barrett.
|
| 264 |
|
1 |
|a New York :
|b Harper,
|c [1961]
|
| 300 |
|
|
|a 276 pages ;
|c 21 cm.
|
| 336 |
|
|
|a text
|b txt
|2 rdacontent
|
| 337 |
|
|
|a unmediated
|b n
|2 rdamedia
|
| 338 |
|
|
|a volume
|b nc
|2 rdacarrier
|
| 490 |
0 |
|
|a Harper torchbooks ;
|v TB86.
|a Cloister library
|
| 630 |
0 |
0 |
|a Bible.
|p New Testament
|x History of contemporary events.
|
| 999 |
|
|
|a MARS
|
| 999 |
f |
f |
|s 70f02b57-36b5-3c97-ad10-7f784d49ff15
|i 9e37cea1-206c-3ee0-a1c5-9d1bae17ebf3
|t 0
|
| 952 |
f |
f |
|p ric
|a Texas A&M University
|b Rellis Campus
|c Joint Library Facility
|d Remote Storage
|t 0
|e DS122 .B3
|h Library of Congress classification
|i unmediated -- volume
|m A14810772876
|
| 998 |
f |
f |
|a DS122 .B3
|t 0
|l Remote Storage
|